000 00578cam a2200145 4500500
005 20251012021514.0
041 _afre
042 _adc
100 1 0 _aSalin, Dominique
_eauthor
245 0 0 _aPierre Emonet, PIERRE CANISIUS L’infatigable réformateur de l’Église d’Allemagne (1521-1597) Lessius, « Petite bibliothèque jésuite », 2020, 192 p., 14 €.
260 _c2021.
500 _a25
786 0 _nChristus | º269 | 1 | 2021-01-01 | p. 122-123 | 0009-5834
856 4 1 _uhttps://shs.cairn.info/revue-christus-2021-1-page-122?lang=fr&redirect-ssocas=7080
999 _c1538519
_d1538519